000 00898nas a2200253 4500
001 BR8601339
003 BR-BrBNA
005 20231205090357.0
007 ta
008 230509b bl.|||p| |||| 00| 00por d
040 _aBR-BrBNA
_bpor
_cBiblioteca Nacional de Agricultura
041 _a(Pt)
072 _aF60; F01
100 1 _aLin, S.S.
245 1 _aEfeito do retardamento de colheita sobre o rendimento, peso, poder germinativo e vigor de aquenios de girassol (Helianthus annuus L.)
246 1 _aEffect of harvest delay on yield, weight, germinative power and vigour of sunflower achenes (Helianthus annuus L.)
650 _aGIRASSOL
650 _aCOLHEITA
650 _aEMERGENCIA
650 _aRENDIMENTO
773 0 _tAgronomia Sulriograndense (Brazil)
_xISSN 0400-8111
_g(1983), v. 19(2) p. 43-54
_wBR8601339
909 _a202311
_bLúcia
_c55
_dLúcia Elande
942 _2AGRIS
_n0
_cANA
999 _c117997
_d117997